000 00572cab a2200217 4500
001 X98911
008 090401t1999 xxu||||| |||| 00| 0 eng d
035 _a(Sirsi) u93660
041 _aeng
245 _aLB of Haringey v Richard Jowett
260 _c1999
350 _a0
490 _aNew Property Cases
_v[1999] NPC 52
650 _aABATEMENT NOTICE
650 _aENVIRONMENTAL PROTECTION ACT 1990
650 _aLB OF HARINGEY V RICHARD JOWETT
650 _aTRAFFIC NOISE
690 _aENVIRONMENTAL AND LAND CONSULTANCY
942 _n0
948 _c01/06/1999
999 _c59358
_d59358